000 00297nam a22001217a 4500
008 170606b xxu||||| |||| 00| 0 eng d
041 _aeng
080 _a94
100 _a18
101 _aSHH
245 _aRACTED CONTECT SINO INDIAN IN THE TWENTIETH CENTURY
_cGARVER.J.W
942 _2udc
_cBK
999 _c16188
_d16188